Túlanie svetom

Bibliographic Details
Main Author: Vaculíková, Silvia, 1967- (Author, Photographer)
Format: Book
Language:Slovak
PhysicalDescription:213 s. fareb. fotogr., mp. 24 cm
Published: Bratislava Tourimpex 2013
ISBN:9788097142773 (viaz.)
Edition:1. vyd.
Subjects:

MARC

LEADER 00000cam a2200000 a 4500
001 vtls010564653
003 SK-MaSNL
005 20260301225435.0
008 160610s2013 xo ob g 000 0 slo
015 |a SNBA2013/12 
020 |a 9788097142773 (viaz.) 
035 |a CB20DF37-E950-458B-8425-658148A3CEE0 
035 |a urn:nbn:sk:snk-aml4ct 
035 |a urn:nbn:sk:snk-am008wsm 
040 |a SNK  |b slo  |c SNK  |e AACR2 
041 0 |a slo 
043 |a x------ 
044 |a xo  |c SK 
072 7 |a 39  |x Etnografia  |2 konspekt 
080 |a 323.1:316.356.4  |2 2001 
080 |a 316.728  |2 2001 
080 |a 394  |2 2001 
080 |a 39  |2 2001 
080 |a (100)  |2 2001 
080 |a (084.12)  |2 2001 
080 |a (0:82-992)  |2 2001 
100 1 |a Vaculíková, Silvia,  |d 1967-  |4 aut  |4 pht  |9 105250 
245 1 0 |a Túlanie svetom  |c Silvia Vaculíková 
250 |a 1. vyd. 
260 |a Bratislava  |b Tourimpex  |c 2013 
300 |a 213 s.  |b fareb. fotogr., mp.  |c 24 cm 
650 0 7 |a každodenný život  |2 SNKPH  |9 4946 
650 0 7 |a zvyky a obyčaje  |2 SNKPH  |9 4086 
650 0 7 |a Everyday life  |2 SNKPHeng  |9 265105 
650 0 7 |a Manners and customs  |2 SNKPHeng  |9 312766 
651 7 |a Countries of the world  |2 SNKPHeng  |9 266838 
651 7 |a krajiny sveta  |2 SNKPH  |9 253334 
655 7 |a fotografické publikácie  |2 SNKPH  |9 70483 
655 7 |a cestopisy  |2 SNKPH  |9 70220 
655 7 |a Photographical works  |2 SNKPHeng  |9 278887 
655 7 |a Book of travels  |2 SNKPHeng  |9 333406 
852 |a Štátna vedecká knižnica v Banskej Bystrici 
919 |a 978-80-971427-7-3 
999 |c 950889  |d 952819 
952 |a SNK  |b SNK  |y PREZ  |7 0  |p 17A1101373  |o snkSC 157352  |i snk2013/30507  |8 0  |0 0  |1 0  |4 0  |d 2013-12-13  |f 1  |l 0  |r 2025-08-19 00:00:00  |w 2026-02-24 
952 |a SNK  |b SNK  |y VYP  |7 0  |p 17A1101374  |o snkSC 157352 D1  |i snk2013/30509  |8 0  |0 0  |1 0  |4 0  |d 2013-12-13  |l 0  |r 2026-02-24 09:47:44  |w 2026-02-24